000 nam a22 7a 4500
999 _c7613
_d7613
008 170922b xxu||||| |||| 00| 0 eng d
100 _94117
_aMaguire.I
245 _aYoga for a Healthy Body
260 _aNew Delhi
_bG.E
_c2005